| 000 | 00863nam a22002417a 4500 | ||
|---|---|---|---|
| 999 |
_c64049 _d64049 |
||
| 005 | 20240530110712.0 | ||
| 008 | 180206s2015 ua g b 000 0 ara d | ||
| 017 |
_a2014/14718 _bمصر. دار الكتب |
||
| 020 | _a9789774991479 | ||
| 040 |
_aEG-CaGPL _cEG-CaGPL |
||
| 082 | 0 | 4 |
_221 _a953.0722 / _bد ع |
| 100 | 0 | _aدلال لواتى | |
| 245 | 1 | 0 |
_aعامة القيروان فى عصر الاغالبة / _cدلال لواتى |
| 250 | _aط. 1 | ||
| 260 |
_aالقاهرة : _bرؤية للنشر و التوزيع، _c2015. |
||
| 300 |
_a652 ص. ؛ _c24 سم. |
||
| 504 | _aيشتمل على ارجاعات ببليوجرافية | ||
| 651 | 0 | 7 |
_2qrmak _aتونس _xتاريخ |
| 651 | 0 | 7 |
_2qrmak _aدولة الاغالبة |
| 651 | 0 | 7 |
_2qrmak _aالتاريخ الاسلامى |
| 942 |
_2ddc _cBK |
||